000 01506cam a2200337 a 4500
001 113007
005 20230411085636.0
008 041101s2005 ilua b 001 0 eng
035 _a13767816
010 _a 2004024654
020 _a0838908950 (alk. paper)
040 _aDLC
_cDLC
_dDLC
043 _an-us---
050 1 4 _aZ 682.2
_bG455f 2005
082 0 0 _a023.9
100 1 _aGiesecke, Joan.
245 1 0 _aFundamentals of library supervision /
_cby Joan Giesecke and Beth McNeil.
260 _aChicago :
_bAmerican Library Association,
_cc2005.
300 _aviii, 166 p. :
_bill. ;
_c23 cm.
440 0 _aALA fundamentals series
504 _aIncludes bibliographical references and index.
505 0 _aToday's workplace -- Becoming a manager -- Communication skills -- Work climate and the art of motivation -- Team work and group dynamics -- Inclusiveness and diversity -- Policies and the legal environment -- Hiring and interviewing -- Orientation and training -- Planning and organizing work -- Managing performance -- Meeting management -- Managing rewards -- Project management -- Career management.
650 0 _aLibrary personnel management
_zUnited States.
650 0 _aSupervision of employees.
650 4 _aBiblioteconomía.
650 4 _aAdministración de bibliotecas.
650 4 _aAdministración de personal
_xbibliotecas.
700 1 _aMcNeil, Beth.
856 4 1 _3Table of contents
_uhttp://www.loc.gov/catdir/toc/ecip052/2004024654.html
942 _2lcc
_cbk
999 _c105197
_d105197